<?xml version="1.0" encoding="UTF-8"?><?xml-stylesheet type="text/xsl" href="static/style.xsl"?><OAI-PMH xmlns="http://www.openarchives.org/OAI/2.0/" xmlns:xsi="http://www.w3.org/2001/XMLSchema-instance" xsi:schemaLocation="http://www.openarchives.org/OAI/2.0/ http://www.openarchives.org/OAI/2.0/OAI-PMH.xsd"><responseDate>2026-04-17T12:13:01Z</responseDate><request verb="GetRecord" identifier="oai:www.recercat.cat:2072/470229" metadataPrefix="marc">https://recercat.cat/oai/request</request><GetRecord><record><header><identifier>oai:recercat.cat:2072/470229</identifier><datestamp>2025-08-31T16:32:29Z</datestamp><setSpec>com_2072_98</setSpec><setSpec>col_2072_378192</setSpec></header><metadata><record xmlns="http://www.loc.gov/MARC21/slim" xmlns:dcterms="http://purl.org/dc/terms/" xmlns:xsi="http://www.w3.org/2001/XMLSchema-instance" xmlns:doc="http://www.lyncode.com/xoai" xsi:schemaLocation="http://www.loc.gov/MARC21/slim http://www.loc.gov/standards/marcxml/schema/MARC21slim.xsd">
   <leader>00925njm 22002777a 4500</leader>
   <datafield ind2=" " ind1=" " tag="042">
      <subfield code="a">dc</subfield>
   </datafield>
   <datafield ind2=" " ind1=" " tag="720">
      <subfield code="a">Serrat, Francesc</subfield>
      <subfield code="e">author</subfield>
   </datafield>
   <datafield ind2=" " ind1=" " tag="720">
      <subfield code="a">Iglesias-González, Maria</subfield>
      <subfield code="e">author</subfield>
   </datafield>
   <datafield ind2=" " ind1=" " tag="720">
      <subfield code="a">Sanagustin, David</subfield>
      <subfield code="e">author</subfield>
   </datafield>
   <datafield ind2=" " ind1=" " tag="720">
      <subfield code="a">Etxandi, Mikel</subfield>
      <subfield code="e">author</subfield>
   </datafield>
   <datafield ind2=" " ind1=" " tag="720">
      <subfield code="a">de Pablo, Joan</subfield>
      <subfield code="e">author</subfield>
   </datafield>
   <datafield ind2=" " ind1=" " tag="720">
      <subfield code="a">Cuevas-Esteban, Jorge</subfield>
      <subfield code="e">author</subfield>
   </datafield>
   <datafield ind2=" " ind1=" " tag="720">
      <subfield code="a">Universitat Autònoma de Barcelona</subfield>
      <subfield code="e">author</subfield>
   </datafield>
   <datafield ind2=" " ind1=" " tag="260">
      <subfield code="c">2022</subfield>
   </datafield>
   <datafield ind2=" " ind1=" " tag="520">
      <subfield code="a">Catatonia is an underdiagnosed and undertreated neuropsychiatric syndrome characterized by catalepsy, negativism, mutism, muscular rigidity, and mannerism, often accompanied by autonomic instability and fever. Although there is growing interest in studying cognitive impairments before and after catatonia, little is known about the cognitive features of the syndrome. This systematic review was registered at PROSPERO (CRD42022299091). Using a Preferred Reporting Items for Systematic Reviews and Meta-Analyses (PRISMA) approach, we searched PubMed, ScienceDirect, and PsycArticles using a combination of the terms "Catatonia" and "Cognitive impairment" and "Executive function" and "Frontal lobe" and "Parietal lobe." Studies included original research articles enrolling patients with catatonic syndrome according to specified criteria. Fourteen studies were deemed relevant for inclusion. The abstraction form included age, assessment during acute episode, associated diagnosis, assessment procedure, and cognitive domains. Outcome measures were extracted. Executive functions and visuospatial abilities proved to be the most investigated domains. A great heterogeneity has been observed in the assessment tools used among the 14 evaluated studies. Findings showed that catatonic patients had worse performance than healthy and non-catatonic psychiatric patients in frontal and parietal cortical functions. Because of the small number of studies in such heterogeneous areas and significant methodological limitations, the results should be regarded with caution. Future research assessing cognitive impairments on catatonic patients is needed. [], identifier [CRD42022299091].</subfield>
   </datafield>
   <datafield tag="653" ind2=" " ind1=" ">
      <subfield code="a">Catatonia</subfield>
   </datafield>
   <datafield tag="653" ind2=" " ind1=" ">
      <subfield code="a">Cognitive impairments</subfield>
   </datafield>
   <datafield tag="653" ind2=" " ind1=" ">
      <subfield code="a">Executive function</subfield>
   </datafield>
   <datafield tag="653" ind2=" " ind1=" ">
      <subfield code="a">Frontal lobe</subfield>
   </datafield>
   <datafield tag="653" ind2=" " ind1=" ">
      <subfield code="a">Review</subfield>
   </datafield>
   <datafield ind2="0" ind1="0" tag="245">
      <subfield code="a">Catatonia and Cognitive Impairments : A Systematic Review</subfield>
   </datafield>
</record></metadata></record></GetRecord></OAI-PMH>